Juventus 2024/2025 - Statystyki

Ogólne statystyki
  • Ten quiz został rozwiązany 82 razy
  • Średni wynik to 6 z 11
Statystyki odpowiedzi
Pozycja Zawodnik % Poprawnych
Bramkarz M. Di Gregorio
88%
Środkowy obrońca Federico Gatti
74%
Prawy skrzydłowy Kenan Yildiz
69%
Defensywny pomocnik Manuel Locatelli
69%
Środkowy napastnik Randal Kolo Muani
68%
Lewy obrońca Andrea Cambiaso
62%
Defensywny pomocnik Khéphren Thuram
55%
Lewy skrzydłowy Nico Gonzalez
43%
Prawy obrońca Timothy Weah
43%
Ofensywny pomocnik Weston McKennie
43%
Środkowy obrońca Danilo
31%
Nie znaleziono quizów pasujących do podanych kryteriów
Rozkład punktacji
Procent ludzi z każdym wynikiem
Percentyl według liczby udzielonych odpowiedzi
Twoja historia wyników
Nie rozwiązałeś tego quizu